00820nam a2200241 a 450000100100000000500170001000800410002702000150006804000250008308200170010810000360012524500870016126000280024830000210027649000210029765000250031865000280034370000320037183000280040304900090043195201210044099900170056100001885120200929165852.0100519s1973 sp r 000 f spa d a8472730476 aDO-SdBNPbspacBNPHU a823.8bW671n1 aWilde, Oscar,d1854-190091329410aOscar Wilde :bnovela, teatro, ensayo /cOscar Wilde ; traducción Julio Gómez. aMadrid :bGiner,c1973. a443 p. ;c22 cm.1 aClásicos Giner 4aNovela inglesa91071 4aLiteratura inglesa94981 aGómez, Julio,etr.940619 0aClásicos Giner913829 aBNGR 001054708MOaGRbGRcCTd2010-05-19iLF1l0o823.8 W671np18851-10r2020-06-25w2020-06-25y4ZPréstamo en sala c18371d18371